000 00507nam a2200169Ia 4500
999 _c35164
_d35164
003 OSt
005 20201218103747.0
008 190216s9999||||xx |||||||||||||| ||und||
040 _coclc
082 _a808.882
_bBRO/E
100 _aBrowning, D C
_97654
245 0 _aEveryman`s Dictionary Of Quotations And Proverbs /
_cD C Browning
260 _bJ M Dent And Sons,
_c1965.
_aLondon:
300 _a766p
650 _aDictionaries
942 _cREF
_2ddc
_h808.882
_iBRO/E
_k808.882
_mBRO/E